Представление документа в формате MARC21

Поле Инд. ПП Название Значение
Тип записи a
Библиографический уровень m
001 Контрольный номер d1bfaf3f-9fec-47c6-ad88-04bc863ee679
005 Дата корректировки 20140226173317.2
008 Кодируемые данные 20010201s?a aznnnabbn zn aan
020 a ISBN 5-235-00321-7 (в пер.)
c Цена, тираж 2.40
040 a Служба первич. каталог. RU-RKP
040 a Служба первич. каталог. НБ ТвГУ
041 a Код языка текста rus
080 a Индекс УДК 882-31Бадигин
a Индекс УДК [947
a Индекс УДК 957]"15"
084 a Индекс другой классификации/Индекс ББК Т3(2)45
090 x Авторский знак Н21
a Полочн. индекс Р2
245 10 a Заглавие Накануне Смуты
b Продолж. заглавия [сборник
c Ответственность сост., предисл., коммент. С. Елисеева ; иллюстрации С. Соколова]
260 0_ a Место издания Москва
b Издательство Молодая гвардия
c Дата издания 1990
300 a Объем 621, [2] с.
b Иллюстрации/ тип воспроизводства ил.
c Размеры 21 см
440 a Серия История Отечества в романах, повестях, документах
a Серия Век XVI
500 a Примечание Содерж.: Кораблекрушение у острова Надежды : роман / К. Бадигин. О государстве Русском : перевод / Дж. Флетчер.
504 a Библиография Библиогр.: с. 621-622.
650 a Основная рубрика Русское государство
x Основная подрубрика 16 в.
x Основная подрубрика Воспоминания и записки
650 a Основная рубрика Русско-английские отношения
x Основная подрубрика История
650 a Основная рубрика Русское государство, 16 в. (х. л.)
650 a Основная рубрика История
x Основная подрубрика Русское государство
650 a Основная рубрика Англо-русские отношения
x Основная подрубрика История
653 a Ключевые слова Произведения русской советской литературы
a Ключевые слова Сборники
a Ключевые слова Художественная
700 1_ a Другие авторы Елисеев Сергей Анатольевич
e Роль лиц сост.
700 1_ a Другие авторы Соколов С. А.
e Роль лиц худож.
852 t Порядковый номер экземпляра 2
p Инвентарный номер 608039
p Инвентарный номер 608040
930 a Новая/Ретро художественная
a Новая/Ретро сборники
999 a Подразделение 2 аб.